| 000 | 01676cam a2200409 4500 | ||
|---|---|---|---|
| 003 | PE-LiUPU | ||
| 005 | 20250731175615.0 | ||
| 020 | _a8876533427 | ||
| 035 | _a(Sirsi) i9788876533426 | ||
| 035 | _a(Sirsi) 20653 | ||
| 035 | _a(Sirsi) 20653 | ||
| 041 | _aen | ||
| 044 | _ait | ||
| 082 | 0 | 4 |
_a492.415 _bA57 |
| 100 | 1 | _aAndersen, Francis I. | |
| 245 |
_aSpelling in the hebrew bibl : _bDahood memorial lecture / _cFrancis I. Andersen. |
||
| 264 | 1 |
_aRoma : _bBiblical institute press, _c1986 |
|
| 300 |
_a379 páginas : _bilustraciones ; _c25 cm. |
||
| 490 | 0 |
_aBiblica et orientalia _v41 |
|
| 504 | _aIncluye bibliografía | ||
| 505 | 0 | _aSpelling in the hebrew bible -- The history of hebrew spelling -- Standard hebrew spelling and its deviations -- Theories of masoretic text orthography -- Vowels having no spelling options -- Classification of spelling options -- Specification of text portioning -- Posible confounding factors -- The behavior of types across portions -- The behavior of portions across types -- Summary and conclusions | |
| 526 | _aP145 | ||
| 526 | _aP127 | ||
| 526 | _aP97 | ||
| 526 | _aP35 | ||
| 526 | _aP14 | ||
| 526 | _aP07 | ||
| 650 | 1 | 4 |
_aHebreo bíblico _xGramática |
| 700 | 1 |
_aForbes, A. Dean _ecoaut. |
|
| 942 |
_2ddc _cBOOK |
||
| 949 |
_a492.415 A57 _i43558 _lPOSTGRADO _mBUL _tLIBRO _o.STAFF. Posgrado |
||
| 859 |
_q43558 _h492.415 _iA57 |
||
| 910 | _aaj-hd | ||
| 596 | _a1 | ||
| 999 |
_a492.415 A57 _wDEWEY _c22 _i43558 _d22 _e2017-1-30 _f2021-11-11 _g5 _lCCODEBUL1 _mBUL _n5 _r0 _sY _tBOOK _u2015-6-16 _xTEOLOGIA _zUNKNOWN _0COMPRA _o.STAFF. Colección General |
||
| 980 |
_81 _gALBERTO SANCHEZ Responsable de Automatización |
||